000 00280nam a22001337a 4500
008 181029b xxu||||| |||| 00| 0 eng d
020 _a9781269259637
041 _aeng
080 _a159.9
100 _a49
101 _apsi
245 _aPsychology
_cJmes.D
942 _2udc
_cBK
999 _c50980
_d50980